<?xml version="1.0" encoding="UTF-8"?><?xml-stylesheet type="text/xsl" href="static/style.xsl"?><OAI-PMH xmlns="http://www.openarchives.org/OAI/2.0/" xmlns:xsi="http://www.w3.org/2001/XMLSchema-instance" xsi:schemaLocation="http://www.openarchives.org/OAI/2.0/ http://www.openarchives.org/OAI/2.0/OAI-PMH.xsd"><responseDate>2026-04-17T11:46:59Z</responseDate><request verb="GetRecord" identifier="oai:www.recercat.cat:2445/184934" metadataPrefix="marc">https://recercat.cat/oai/request</request><GetRecord><record><header><identifier>oai:recercat.cat:2445/184934</identifier><datestamp>2025-12-04T21:45:32Z</datestamp><setSpec>com_2072_1057</setSpec><setSpec>col_2072_478917</setSpec><setSpec>col_2072_478933</setSpec></header><metadata><record xmlns="http://www.loc.gov/MARC21/slim" xmlns:dcterms="http://purl.org/dc/terms/" xmlns:xsi="http://www.w3.org/2001/XMLSchema-instance" xmlns:doc="http://www.lyncode.com/xoai" xsi:schemaLocation="http://www.loc.gov/MARC21/slim http://www.loc.gov/standards/marcxml/schema/MARC21slim.xsd">
   <leader>00925njm 22002777a 4500</leader>
   <datafield ind2=" " ind1=" " tag="042">
      <subfield code="a">dc</subfield>
   </datafield>
   <datafield ind2=" " ind1=" " tag="720">
      <subfield code="a">Pérez Jiménez, Marina</subfield>
      <subfield code="e">author</subfield>
   </datafield>
   <datafield ind2=" " ind1=" " tag="720">
      <subfield code="a">Campos, Jesús</subfield>
      <subfield code="e">author</subfield>
   </datafield>
   <datafield ind2=" " ind1=" " tag="720">
      <subfield code="a">Jover Modrego, Jesús</subfield>
      <subfield code="e">author</subfield>
   </datafield>
   <datafield ind2=" " ind1=" " tag="720">
      <subfield code="a">Álvarez, Santiago (Álvarez Reverter)</subfield>
      <subfield code="e">author</subfield>
   </datafield>
   <datafield ind2=" " ind1=" " tag="720">
      <subfield code="a">Carmona Guzmán, Ernesto</subfield>
      <subfield code="e">author</subfield>
   </datafield>
   <datafield ind2=" " ind1=" " tag="260">
      <subfield code="c">2022-04-11T09:48:01Z</subfield>
   </datafield>
   <datafield ind2=" " ind1=" " tag="260">
      <subfield code="c">2022-04-11T09:48:01Z</subfield>
   </datafield>
   <datafield ind2=" " ind1=" " tag="260">
      <subfield code="c">2021-12-01</subfield>
   </datafield>
   <datafield ind2=" " ind1=" " tag="260">
      <subfield code="c">2022-04-11T09:48:01Z</subfield>
   </datafield>
   <datafield ind2=" " ind1=" " tag="520">
      <subfield code="a">LiCH3 and LiCH2CH3 react with the complex [Mo2(H)2(μ-AdDipp2)2(thf)2] (1⋅thf) with coordination of two molecules of LiCH2R (R=H, CH3) and formation of complexes [Mo2{μ-HLi(thf)CH2R}2(AdDipp2)2], 5⋅LiCH3 and 5⋅LiCH2CH3, respectively (AdDipp2=HC(NDipp)2; Dipp=2,6-iPr2C6H3; thf=C4H8O). Due to steric hindrance, only one molecule of LiC6H5 adds to 1⋅thf generating the complex [Mo2(H){μ-HLi(thf)C6H5}(μ-AdDipp2)2], (4⋅LiC6H5). Computational studies disclose the existence of five-center six-electron bonding within the H−Mo≣Mo−C−Li metallacycles, with a mostly covalent H−Mo≣Mo−C group and predominantly ionic Li−C and Li−H interactions. However, the latter bonds exhibit non-negligible covalency, as indicated by X-ray, computational data and the large one-bond 6,7Li,1H and 6,7Li,13C NMR coupling constants found for the three-atom H−Li−C chains. By contrast, the phenyl group in 4⋅LiC6H5 coordinates in an η2 fashion to the lithium atom through the ipso and one of the ortho carbon atoms.</subfield>
   </datafield>
   <datafield tag="653" ind2=" " ind1=" ">
      <subfield code="a">Compostos de coordinació</subfield>
   </datafield>
   <datafield tag="653" ind2=" " ind1=" ">
      <subfield code="a">Compostos organometàl·lics</subfield>
   </datafield>
   <datafield tag="653" ind2=" " ind1=" ">
      <subfield code="a">Compostos de metalls de transició</subfield>
   </datafield>
   <datafield tag="653" ind2=" " ind1=" ">
      <subfield code="a">Espectroscòpia de ressonància magnètica nuclear</subfield>
   </datafield>
   <datafield tag="653" ind2=" " ind1=" ">
      <subfield code="a">Coordination compounds</subfield>
   </datafield>
   <datafield tag="653" ind2=" " ind1=" ">
      <subfield code="a">Organometallic compounds</subfield>
   </datafield>
   <datafield tag="653" ind2=" " ind1=" ">
      <subfield code="a">Transition metal compounds</subfield>
   </datafield>
   <datafield tag="653" ind2=" " ind1=" ">
      <subfield code="a">Nuclear magnetic resonance spectroscopy</subfield>
   </datafield>
   <datafield ind2="0" ind1="0" tag="245">
      <subfield code="a">Supported -Complexes of LiC Bonds from Coordination of Monomeric Molecules of LiCH3, LiCH2CH3 and LiC6H5 to MoMo Bonds</subfield>
   </datafield>
</record></metadata></record></GetRecord></OAI-PMH>